• 首页
  • 本馆介绍
  • 公告通知
  • 最新文献
  • 馆藏检索
  • 电子资源
  • 读者导购
  • 参考咨询
  • 我的图书馆
  • 登录
  • 详细信息显示
  • 放入我的书架
  • 预约/预借图书
  • 作者相关作品
  • 分类相关作品
  • 丛书相关作品
  • 出版社相关作品

书目信息

  • 表格格式
  • 工作单格式
  • 卡片格式
题名:
选择
    
 
作者: 杨广慧 编著
分册:  
出版信息: 上海   东华大学出版社  2015
页数: 208页, [12] 页图版
开本: 23cm
丛书名:
单 册:
中图分类: G649.712.8
科图分类:
主题词: 留学教育--liu xue jiao yu--概况--美国 , 高等学校--gao deng xue xiao--介绍--美国
电子资源:
ISBN: 978-7-5669-0688-5
000 01010nam0 2200277 450
001 1767519483
005 20161207151528.0
010    @a978-7-5669-0688-5@dCNY49.80
100    @a20150206d2015 em y0chiy50 ea
101 0  @achi
102    @aCN@b310000
105    @aaf z 000yy
106    @ar
200 1  @a选择@AXuan Ze@e去美国读大学本科@d= Choices@estudying at American universities@f杨广慧编著@zeng
205    @a2版
210    @a上海@c东华大学出版社@d2015
215    @a208页, [12] 页图版@c图@d23cm
330    @a本书共分为六章, 主要内容包括: 美国大学简介、选择大学、美国大学录取新生的参考标准、申请美国大学、美国顶尖大学、大学费用。
510 1  @aChoices@estudying at American universities@zeng
517 1  @a去美国读大学本科@Aqu mei guo du da xue ben ke
606 0  @a留学教育@Aliu xue jiao yu@x概况@y美国
606 0  @a高等学校@Agao deng xue xiao@x介绍@y美国
690    @aG649.712.8@v5
701  0 @a杨广慧@Ayang guang hui@4编著
801  0 @aCN@bSYTU@c20150318
905    @aBZT@dG649.712.8@e15=2
    
    选择:去美国读大学本科= Choices:studying at American universities/杨广慧编著.-2版.-上海:东华大学出版社,2015
    208页, [12] 页图版:图;23cm
    
    
    ISBN 978-7-5669-0688-5:CNY49.80
    本书共分为六章, 主要内容包括: 美国大学简介、选择大学、美国大学录取新生的参考标准、申请美国大学、美国顶尖大学、大学费用。
●
相关链接 在五车中查询图书 在当当中查询图书 在豆瓣中查询图书


正题名:选择     索取号:G649.712.8/15=2         预约/预借

序号 登录号 条形码 馆藏地/架位号 状态 备注
1 828506   2000828506   第二书库/ [索取号:G649.712.8/15=2] 在馆    
2 828507   2000828507   第二书库/ [索取号:G649.712.8/15=2] 在馆    
3 828508   2000828508   第二书库/ [索取号:G649.712.8/15=2] 在馆    
山东省滨州职业学院图书馆 欢迎您!
大连网信软件有限公司© 版权所有